000 00386nam a2200097Ia 4500
008 220204s9999 xx 000 0 und d
082 _bIRI;2
245 0 _aRecent advances in rubber science and allied material technology: Proceedings of India International Rubber Conference and Expo 2007, 1-3 November 2007, Udaipur
260 _aUdaipur
_bMohanlal Sukhadia University
_c2007
942 _cBK
999 _c44404
_d44404